Robotics for engineers /

Bibliographic Details
Main Author: Koren, Yoram
Format: Book
Language:English
Published: New York : McGraw-Hill, [1985]
Subjects:

MARC

Tag First Indicator Second Indicator Subfields
LEADER 00000pam a2200000 a 4500
001 in00000558264
005 20151014054719.0
008 840910s1985 nyua b 00110 eng
010 |a  84021316  
020 |a 0070353999 :  |c $39.95 
035 |a (OCoLC)11210349 
035 |9 ACK6372AM 
039 0 |a 2  |b 3  |c 3  |d 3  |e 3 
040 |a DLC  |c DLC  |d TXA  |d UtOrBLW 
049 |a TXAM  |c [A08369235] 
050 0 0 |a TJ211  |b .K66 1985 
082 0 |a 629.8/92  |2 19 
100 1 |a Koren, Yoram. 
245 1 0 |a Robotics for engineers /  |c by Yoram Koren. 
264 1 |a New York :  |b McGraw-Hill,  |c [1985] 
264 4 |c ©1985 
300 |a xvii, 347 pages :  |b illustrations ;  |c 24 cm. 
336 |a text  |b txt  |2 rdacontent 
337 |a unmediated  |b n  |2 rdamedia 
338 |a volume  |b nc  |2 rdacarrier 
504 |a Includes bibliographies and index. 
650 0 |a Robotics. 
650 0 |a Robots, Industrial. 
999 |a MARS 
999 f f |s b2f5c913-3400-38aa-b571-65982839d067  |i 19e32769-2750-3541-a264-a61087cfe53e  |t 0 
952 f f |p ric  |a Texas A&M University  |b Rellis Campus  |c Joint Library Facility  |d Remote Storage  |t 0  |e TJ211 .K66 1985  |h Library of Congress classification  |i unmediated -- volume  |m A14808369235 
998 f f |a TJ211 .K66 1985  |t 0  |l Remote Storage